La discographie de Vanessa Paradis - Statistiques

Statistiques générales
  • Ce quiz a été pris 9 fois
  • Le résultat moyen est 5 sur 15
Statistiques - réponses
Question Réponse % Correct
Quel titre inédit figure sur le best of de 2009? Il y a
67%
Qui a réalisé le clip de "Tandem" en 1990? Jean-Baptiste Mondino
67%
Quel single ne bénéficie pas de clip? La plage
56%
Quel single ne figure sur aucun des albums de Vanessa Paradis? Manolo Manolete
44%
Quelle chanson a été écrite et composée par Vanessa Paradis? Trésor
44%
"Le petit vent du désert" chantée par Vanessa Paradis apparaît sur la Bande originale de quel film dans lequel elle joue? Atomik Circus
33%
Quel single ne figure sur aucun des 2 Best of? Coupe coupe
33%
Quel titre n'a pas été le lead single d'un album? La seine (avec M)
33%
Quelle chanson a été composée par Alain Bashung? L'eau et le vin
33%
De quelle chanson sont extraites ces paroles : "Ma peau mon bel amant Sa température plus un cran En langage du corps Dis serre-moi vite et bien serre-moi fort" Love song
33%
Quel titre est dans la version deluxe de Divinidylle? Abracadabra
22%
Quelle chanson a été composée par son fils Jack? Eléments
22%
Avec quel artiste Vanessa Paradis n'a jamais enregistré de titre en duo? Ben Mazué
11%
Quelle chanson est dédiée à son père, André Paradis? Elégie
11%
Quel titre ne figure pas sur l'album éponyme en anglais sorti en 2012? Walk on the wild side
11%
Aucun quiz correspondant
Distribution des résultats
% des personnes avec chaque résultat
Percentile par nombre de réponses
Votre historique - résultats
Vous n’avez pas pris ce quiz